000 00656pam a2200229 a 4500
999 _c3062
_d3062
001 988296
003 GBCCL
005 20241126110446.0
008 860422s1986 nju 000 0 eng
010 _a 86010245
020 _a0800790820 (pbk.) :
_c$6.95
040 _aDLC
_cDLC
_dDLC
050 0 0 _aBV4011.5
_b.B37 1986
082 0 0 _a174.1
_219
_bBAS
100 1 _aBasham, Don,
_d1926-
_96352
245 1 0 _aTrue and false prophets /
_cDon Basham.
260 _aPennsylvania. :
_bManna Books,
_cc1973.
300 _a130 p. ;
_c21 cm.
650 0 _aClergy
_xProfessional ethics.
_9135
906 _a7
_bcbc
_corignew
_d1
_eocip
_f19
_gy-gencatlg
942 _2ddc
_cBK